000 00216nam a2200097Ia 4500
008 190216s9999||||xx |||||||||||||| ||und||
100 _aDutta A C
245 0 _aBotany For Degree Students
260 _bNull
942 _cBK
999 _c1018
_d1018